000 00568nam a2200181Ia 4500
001 14510
003 GE_BSU
008 181216s||||||||xx |||||||||||||| ||und||
040 _cGE_BSU
080 _a004.43
245 _a2274:C Managing a Microsoft Windows Server 2003 Environment course
260 _c2005
300 _a452p.ill.28cm.
653 _a2274:C Managing a Microsoft Windows Server 2003 Environment course
653 _aინფორმატიკა
653 _aსაინფორმაციო ტექნოლოგიები
942 _cBK
999 _c47641
_d47641